| 000 | 02046nam0a2200349 i 4500 | ||
|---|---|---|---|
| 001 | RU\NLR\bibl\1957948 | ||
| 005 | 20260408093155.0 | ||
| 010 |
_a9785900678726 _9100 |
||
| 021 |
_aRU _b2012-73719 _95457 |
||
| 035 | _a(nilc)RSL-KNO-005502550 | ||
| 035 | _a(NLR Aleph) 001947008 | ||
| 090 |
_a3643286 _c3643286 |
||
| 100 | _a20121001d2012 u y0rusy50 ca | ||
| 101 | 0 |
_arus _aeng |
|
| 102 | _aRU | ||
| 105 | _aa ||||||||| | ||
| 200 | 1 | _aТезисы докладов Международной конференции "Актуальные проблемы планктонологии" с таксономическим тренингом для молодых ученых, 9-14 сентября 2012 г., г. Светлогорск (Калининградская область) | |
| 210 |
_aКалининград _cАтлантНИРО _d2012 |
||
| 215 |
_a99 с. _cил. _d24 |
||
| 300 | _aВ надзаг.: Гидробиологическое о-во при Российской акад. наук, Науч. совет по гидробиологии и ихтиологии ОБН РАН, "Атлантический науч.-исслед. ин-т рыбного хоз-ва и океанографии" (ФГУП "АтлантНИРО"), Калининградский гос. технический ун-т. (КГТУ) | ||
| 300 | _aЧасть текста англ. | ||
| 320 | _aАвт. указ.: с. 99 | ||
| 606 |
_aПланктон _jТезисы докладов _9917557 _3RU\NLR\auth\6616695 |
||
| 686 |
_aЕ082.31я431(0) _2rubbk |
||
| 686 | _aЕ082.31я431(0) | ||
| 710 | 1 | 2 |
_a"Актуальные проблемы планктонологии", международная конференция с таксономическим тренингом для молодых ученых _f2012 _eСветлогорск _3RU\NLR\AUTH\8810233322 _9351769 |
| 801 | 0 |
_aRU _bRuMoRKP _c20121001 _grcr |
|
| 801 | 1 |
_aRU _bРГБ _c20121001 |
|
| 801 | 2 |
_aRU _bNLR _c20121019 _grcr |
|
| 942 | _cBOOK | ||
| 980 | _aNBR | ||